000 01016nam a22003137a 4500
003 CHAP
005 20220329135818.0
008 971013s1994 us r 00010 eng d
010 _a42645
011 _a43617
035 _a47753
040 _cCHAP
082 0 4 _a634.92
_bB3
100 0 0 _aBarber, Charles Victor.
_910094
245 1 _aBreaking the Logjam
_b: obstacles to forest policy reform in Indonesia and the United States
260 _aWashington :
_bWorld Resources Institue,
_c1994
300 _a120 p.
590 _aBATCH-UPD
_b10
_c20130110
_lUCH01
_h2134
590 _aBATCH-UPD
_b10
_c20130410
_lUCH01
_h1443
590 _aBATCH-UPD
_b10
_c20130914
_lUCH01
_h0713
590 _aCONVERSION
_b10
_c20130109
_lUCH01
_h1323
650 1 4 _aBosques
_xIndonesia.
_914236
650 1 4 _aPolĂ­tica forestal
_xIndonesia.
_990585
700 0 _aHafild, Emmy.
_952209
700 0 _aJohnson, Nels C.
_961857
901 _aBK
942 _cLIBRO
949 _a634.92 B3
_bBC
_cLIBRO
_d33724000000089
_eLIBRO
_h89051
_i47753
_mD
_si
999 _c42645
_d42645